| 000 | 00973cam a2200241 a 4500 | ||
|---|---|---|---|
| 005 | 20191217041541.0 | ||
| 008 | 041023s1995 ck a r 00010 spa d | ||
| 040 |
_ala _cla _dCO-BoIAVH |
||
| 041 | 0 | _aspa | |
| 044 | _ack | ||
| 082 | 0 | 4 |
_a338.17 _bT16c |
| 100 | 1 |
_aTangley, Laura _eautora |
|
| 245 | 1 | 0 |
_aComercialización de productos derivados de la biodiversidad : _bla iniciativa tagua / _cLaura Tangley ; traducido por Angela María García Vásquez ; fotografías Haroldo Castro ... [y otros]. |
| 246 | 1 | 4 | _aLa iniciativa tagua |
| 260 |
_aBogotá (Colombia) : _bConservación Internacional, _c1995. |
||
| 300 |
_a31 páginas : _bilustraciones ; _c28 x 22 cm. |
||
| 650 | 2 | 6 |
_aBiodiversidad _xAspectos económicos |
| 650 | 2 | 4 |
_aTagua _xcomercialización |
| 650 | 2 | 6 |
_aPhytelephas _xcomercialización |
| 650 | 2 | 6 | _aDesarrollo de la comunidad |
| 700 | 1 |
_aGarcía Vásquez, Angela María _etraducción |
|
| 942 |
_2ddc _cLIBRO |
||
| 999 |
_c434 _d434 |
||